Subgroups within division 17 : divisiveness or oportunity for cohesion? (Record no. 77524)

MARC details
000 -CABECERA
campo de control de longitud fija 00617nam a2200217 a 4500
005 - FECHA Y HORA DE LA ÚLTIMA TRANSACCIÓN
campo de control 20210219153448.0
008 - ELEMENTOS DE LONGITUD FIJA--INFORMACIÓN GENERAL
campo de control de longitud fija 991125n 000 0 u
035 ## - NÚMERO DE CONTROL DEL SISTEMA
Número de control de sistema UPN01000101255
100 ## - ASIENTO PRINCIPAL--NOMBRE PERSONAL
Nombre de persona Holahan, William
222 ## - TÍTULO CLAVE
Título clave COUNSELING PSYCHOLOGIST
245 ## - MENCIÓN DE TÍTULO
Título Subgroups within division 17 : divisiveness or oportunity for cohesion?
300 ## - DESCRIPCIÓN FÍSICA
Extensión 660-676
362 ## - FECHAS DE PUBLICACIÓN Y/O DESIGNACIÓN SECUENCIAL
Fecha de publicación y/o designación secuencial 20, No. 4, 1992
505 ## - NOTA DE CONTENIDO CON FORMATO PREESTABLECIDO
Nota de contenido con formato Marzo 1993
653 0# - TERMINO DE INDIZACION - NO CONTROLADO
Término no controlado ACTITUDES ANTE EL TRABAJO
653 0# - TERMINO DE INDIZACION - NO CONTROLADO
Término no controlado ASOCIACIONES DE PROFESIONISTAS
653 0# - TERMINO DE INDIZACION - NO CONTROLADO
Término no controlado PSICOLOGOS
700 ## - ASIENTO SECUNDARIO--NOMBRE DE PERSONAL
Nombre de persona Yesenosky, Janice M.
904 ## - ELEMENTOS DE DATOS D LOCAL, LDD (RLIN)
a AC
b 039066
905 ## - TIPO DE MATERIAL
Tipo de material Articulo

No items available.